000 00805nam a2200181 a 4500
001 000039376
005 20201002031624.0
008 130625s1994 sp 000 0 spa d
020 _a8400074645
040 _aDO-SdBNP
_bspa
_cBNPHU
245 0 0 _aTextos aljamiados sobre la vida de Mahoma :
_bProfeta de los Moriscos /
_cedición y estudio Consuelo López-Morillas.
260 _aSalamanca :
_bConsejo Superior de Investigaciones Científicas (CSIC) :
_bAgenda Españosla de Cooperación Internacional (AECI,),
_c1994.
300 _a199 p. ;
_c24 cm.
490 1 _aFuentes arábico-hispanas ;
_c16
500 _aTransliteración en caracteres latinos de textos aljamiados Incluye bibliografía, glosario e índices
504 _aBibliografía : p. 193 -199
830 0 _aFuentes arábico-hispanas
_v16
_965581
999 _c38866
_d38866